<?xml version="1.0" encoding="UTF-8"?>
<record
    xmlns:xsi="http://www.w3.org/2001/XMLSchema-instance"
    xsi:schemaLocation="http://www.loc.gov/MARC21/slim http://www.loc.gov/standards/marcxml/schema/MARC21slim.xsd"
    xmlns="http://www.loc.gov/MARC21/slim">

  <leader>04981cam a22005534i 4500</leader>
  <controlfield tag="003">PE-LiUPU</controlfield>
  <controlfield tag="005">20250731183352.0</controlfield>
  <controlfield tag="008">160329s2015    pe ab    b    100 0 spa c</controlfield>
  <datafield tag="020" ind1=" " ind2=" ">
    <subfield code="a">9789972923975</subfield>
    <subfield code="q">(pbk.)</subfield>
  </datafield>
  <datafield tag="020" ind1=" " ind2=" ">
    <subfield code="a">9972923975</subfield>
    <subfield code="q">(pbk.)</subfield>
  </datafield>
  <datafield tag="035" ind1=" " ind2=" ">
    <subfield code="a">(Sirsi) i9789972923975</subfield>
  </datafield>
  <datafield tag="040" ind1=" " ind2=" ">
    <subfield code="a">IQU</subfield>
    <subfield code="b">spa</subfield>
    <subfield code="e">rda</subfield>
    <subfield code="c">IQU</subfield>
    <subfield code="d">STF</subfield>
    <subfield code="d">OCLCO</subfield>
    <subfield code="d">OCLCA</subfield>
    <subfield code="d">NOC</subfield>
    <subfield code="d">OCLCF</subfield>
    <subfield code="d">OCLCO</subfield>
    <subfield code="d">COO</subfield>
    <subfield code="d">PE-LiUPU</subfield>
    <subfield code="e">rda</subfield>
  </datafield>
  <datafield tag="049" ind1=" " ind2=" ">
    <subfield code="a">PRUA</subfield>
  </datafield>
  <datafield tag="050" ind1=" " ind2="4">
    <subfield code="a">F3429.3.P47</subfield>
    <subfield code="b">S56 2013</subfield>
  </datafield>
  <datafield tag="082" ind1=" " ind2="4">
    <subfield code="a">707</subfield>
    <subfield code="b">S5</subfield>
    <subfield code="2">20</subfield>
  </datafield>
  <datafield tag="111" ind1="2" ind2=" ">
    <subfield code="a">Simposio Nacional de Arte Rupestre</subfield>
    <subfield code="n">(5th :</subfield>
    <subfield code="d">2013 :</subfield>
    <subfield code="c">Lima, Peru)</subfield>
  </datafield>
  <datafield tag="245" ind1="0" ind2="0">
    <subfield code="a">Actas de ponencias del V Simposio Nacional de Arte Rupestre :</subfield>
    <subfield code="b">SINAR "Eloy Lin&#xE1;res M&#xE1;laga" /</subfield>
    <subfield code="c">Alberto Bueno Mendoza, Pieter D. Van Dalen Luna, Yuri Cavero Palomino, Hans Grados Rodr&#xED;guez y Roy J. Lazo P&#xE9;rez, editores.</subfield>
  </datafield>
  <datafield tag="250" ind1=" " ind2=" ">
    <subfield code="a">Primera edici&#xF3;n.</subfield>
  </datafield>
  <datafield tag="264" ind1=" " ind2="1">
    <subfield code="a">Lima :</subfield>
    <subfield code="b">Universidad Nacional Mayor de San Marcos :</subfield>
    <subfield code="b">Museo de Arqueolog&#xED;a y Antropolog&#xED;a de San Marcos,</subfield>
    <subfield code="c">2015.</subfield>
  </datafield>
  <datafield tag="300" ind1=" " ind2=" ">
    <subfield code="a">395 p&#xE1;ginas :</subfield>
    <subfield code="b">ilustraciones ;</subfield>
    <subfield code="c">25 cent&#xED;metros.</subfield>
  </datafield>
  <datafield tag="336" ind1=" " ind2=" ">
    <subfield code="t">ext</subfield>
    <subfield code="2">rdacontent</subfield>
  </datafield>
  <datafield tag="337" ind1=" " ind2=" ">
    <subfield code="u">nmediated</subfield>
    <subfield code="2">rdamedia</subfield>
  </datafield>
  <datafield tag="338" ind1=" " ind2=" ">
    <subfield code="v">olume</subfield>
    <subfield code="2">rdacarrier</subfield>
  </datafield>
  <datafield tag="504" ind1=" " ind2=" ">
    <subfield code="a">Bibliograf&#xED;a : p&#xE1;giinas 388-389.</subfield>
  </datafield>
  <datafield tag="505" ind1="0" ind2=" ">
    <subfield code="a">-- El geoglifo espiralado del valle de Huarmey, Per&#xFA; / Ronal Ayala Castillo -- Las quilchas de la Galgada, secuencia y cronolog&#xED;a / Gori Echevarr&#xED;a L&#xF3;pez y Alberto Bueno Mendoza -- El arte rupestre de Diablo Qaqa, anexo de Cararca, distrito de Cochabamba, Huaycaybamba, Hu&#xE1;nuco / Miller Malpartido Gamarra -- Las quilcas de la cuenca de alto Huamuco, amazon&#xED;a de Hu&#xE1;nuco, cuenca del r&#xED;o Huallaga, Chol&#xF3;n / Pieter van Dalen Luna -- Los geologlifos de Acre y Rond&#xF4;nia de la Amazon&#xED;a brasile&#xF1;a / Alfredo Altamirano Enciso y Od&#xF3;n Rosales Huatuco -- Las quilcas del Morro da Guia, Cabo Frio, Brasil / Alfredo Altamirano Encisco -- Programa eco-educativo Puerta al pasado: quilcas, una forma de acercar el pasado al presente / Maritza Tovar -- La evoluci&#xF3;n del arte rupestre / Jos&#xE9; Onofre Mayta.</subfield>
  </datafield>
  <datafield tag="505" ind1="0" ind2=" ">
    <subfield code="a">Arquitectura cusco imperial con figuraciones zoomorfas en el complejo arqueol&#xF3;gico de Pumaqocha, Vischongo, Ayacucho / Roberto Tello Cuadros -- Arte rupestre en el abrigo de Capillamachay en el antiplano de Jun&#xED;n / Obdulio Chuco Arias -- Arte rupestre en el valle de Chincha: petroglifos en el sitio arqueol&#xF3;gico de Baya / Wilber Saucedo Olano -- El arte rupestre de Huayc&#xE1;n de Cieneguilla y la recuperaci&#xF3;n de la piedra con tacitas del Parque Santa Rosa, valle del r&#xED;o Lur&#xED;n, Costa Central de Per&#xFA; / Mario Ramos Vargas -- C&#xFA;pulas de la quebrada Quilca, Pacaybamba, Huaral / Pieter van Dalen Luna y Jakeline Romero Rodr&#xED;guez -- Las c&#xFA;pulas del complejo arqueol&#xF3;gico de Rupac, Huaral / Pieter van Dalen Luna, Miller Malpartida Gamarra y Hans Grado Rodr&#xED;guez -- Gorgor: primates en el arte rupestre andino / Arturo Ruiz Estrada</subfield>
  </datafield>
  <datafield tag="505" ind1="0" ind2=" ">
    <subfield code="a">Una propuesta para la secuencia de tipos de escritura en la costa central del Per&#xFA; / Pedro Vargas Nalvarte y Gori Echevarr&#xED;a L&#xF3;pez -- El precer&#xE1;mico en el valle de Ayacucho / Ismael P&#xE9;rez Caldero&#x144; -- La escritura Inca: or&#xED;genes posibles y significados / Gail Silverman -- Reconocimiento de nuevos sitios de arte rupestre en el distrito de Ituata, provincia de Carabaya - Puno: zona suroriental del Per&#xFA; / Julio Aroquipa -- Los petroglifos de Chillihuay: la imagen antropomofa (del formativo al periodo de integraci&#xF3;n Wari) / Daniel Chumpitaz Llerena y Maritza Rodr&#xED;guez Cerr&#xF3;n -- Allwanso, un sitio con pinturas rupestres tard&#xED;as en Huaquirca, Antabamba, regi&#xF3;n Apur&#xED;mac / Pieter van Dalen Luna -- Paisaje, pinturas y formas de vida dom&#xE9;stica en las punas de la cuenca del Pampas, Ayacucho / Ismael P&#xE9;rez Calder&#xF3;n -- Estudio de artefactos &#xF3;seos del centro ceremonial formativo de Campanayuq Rumi, Vilcashuam&#xE1;n, Ayacucho / Yuri Cavero, Yuichi Matsumoto y Hilda Bellido --</subfield>
  </datafield>
  <datafield tag="526" ind1=" " ind2=" ">
    <subfield code="a">P158</subfield>
  </datafield>
  <datafield tag="526" ind1=" " ind2=" ">
    <subfield code="a">P146</subfield>
  </datafield>
  <datafield tag="526" ind1=" " ind2=" ">
    <subfield code="a">P17</subfield>
  </datafield>
  <datafield tag="526" ind1=" " ind2=" ">
    <subfield code="a">P12</subfield>
  </datafield>
  <datafield tag="526" ind1=" " ind2=" ">
    <subfield code="a">P06</subfield>
  </datafield>
  <datafield tag="541" ind1=" " ind2=" ">
    <subfield code="g">060-0024019:</subfield>
  </datafield>
  <datafield tag="600" ind1="1" ind2="4">
    <subfield code="a">Lin&#xE1;res M&#xE1;laga, Eloy,</subfield>
    <subfield code="d">1926-2011</subfield>
    <subfield code="x">Aniversarios, etc.</subfield>
  </datafield>
  <datafield tag="650" ind1="1" ind2="4">
    <subfield code="a">Arte prehist&#xF3;rico</subfield>
    <subfield code="z">Per&#xFA;</subfield>
    <subfield code="v">Congresos.</subfield>
  </datafield>
  <datafield tag="650" ind1="2" ind2="4">
    <subfield code="a">Pinturas rupestres</subfield>
    <subfield code="z">Per&#xFA;</subfield>
    <subfield code="v">Congresos.</subfield>
  </datafield>
  <datafield tag="650" ind1="2" ind2="4">
    <subfield code="a">Petroglifos</subfield>
    <subfield code="z">Per&#xFA;</subfield>
    <subfield code="v">Congresos.</subfield>
  </datafield>
  <datafield tag="650" ind1="2" ind2="4">
    <subfield code="a">Geoglifos</subfield>
    <subfield code="z">Per&#xFA;</subfield>
    <subfield code="v">Congresos.</subfield>
  </datafield>
  <datafield tag="700" ind1="1" ind2=" ">
    <subfield code="a">Bueno Mendoza, Alberto,</subfield>
    <subfield code="e">editor.</subfield>
  </datafield>
  <datafield tag="700" ind1="1" ind2=" ">
    <subfield code="a">Cavero Palomino, Yuri Igor,</subfield>
    <subfield code="e">editor.</subfield>
  </datafield>
  <datafield tag="700" ind1="1" ind2=" ">
    <subfield code="a">Dalen Luna, Pieter D. van</subfield>
    <subfield code="q">(Pieter Dennis van),</subfield>
    <subfield code="d">1979-,</subfield>
    <subfield code="e">editor.</subfield>
  </datafield>
  <datafield tag="700" ind1="1" ind2=" ">
    <subfield code="a">Grados Rodr&#xED;guez, Hans,</subfield>
    <subfield code="e">editor.</subfield>
  </datafield>
  <datafield tag="700" ind1="1" ind2=" ">
    <subfield code="a">Lazo P&#xE9;rez, Roy J.,</subfield>
    <subfield code="e">editor.</subfield>
  </datafield>
  <datafield tag="942" ind1=" " ind2=" ">
    <subfield code="2">ddc</subfield>
    <subfield code="c">BOOK</subfield>
  </datafield>
  <datafield tag="949" ind1=" " ind2=" ">
    <subfield code="a">707 S5</subfield>
    <subfield code="w">DEWEY</subfield>
    <subfield code="c">1</subfield>
    <subfield code="i">74455</subfield>
    <subfield code="l">CCODEBUL1</subfield>
    <subfield code="m">BUL</subfield>
    <subfield code="p">16.37</subfield>
    <subfield code="r">0</subfield>
    <subfield code="s">Y</subfield>
    <subfield code="t">BOOK</subfield>
    <subfield code="u">2016-8-12</subfield>
    <subfield code="x">INGENIERIA</subfield>
    <subfield code="P">P06</subfield>
    <subfield code="0">COMPRA</subfield>
    <subfield code="o">.STAFF. Colecci&#xF3;n General</subfield>
  </datafield>
  <datafield tag="994" ind1=" " ind2=" ">
    <subfield code="a">C0</subfield>
    <subfield code="b">PEPRU</subfield>
  </datafield>
  <datafield tag="596" ind1=" " ind2=" ">
    <subfield code="a">1</subfield>
  </datafield>
  <datafield tag="999" ind1=" " ind2=" ">
    <subfield code="a">707 S5</subfield>
    <subfield code="w">DEWEY</subfield>
    <subfield code="c">11866</subfield>
    <subfield code="i">74455</subfield>
    <subfield code="f">2021-11-9</subfield>
    <subfield code="g">7</subfield>
    <subfield code="l">CCODEBUL1</subfield>
    <subfield code="m">BUL</subfield>
    <subfield code="p">16.37</subfield>
    <subfield code="r">0</subfield>
    <subfield code="s">Y</subfield>
    <subfield code="t">BOOK</subfield>
    <subfield code="u">2016-8-12</subfield>
    <subfield code="x">INGENIERIA</subfield>
    <subfield code="P">P06</subfield>
    <subfield code="0">COMPRA</subfield>
    <subfield code="o">.STAFF. Colecci&#xF3;n General</subfield>
    <subfield code="d">11866</subfield>
  </datafield>
  <datafield tag="980" ind1=" " ind2=" ">
    <subfield code="8">1</subfield>
    <subfield code="g">ALBERTO SANCHEZ Responsable de Automatizaci&#xF3;n</subfield>
  </datafield>
  <datafield tag="952" ind1=" " ind2=" ">
    <subfield code="r">2025-12-03 00:00:00</subfield>
    <subfield code="i">8</subfield>
    <subfield code="l">0</subfield>
    <subfield code="o">707 S5</subfield>
    <subfield code="p">74455</subfield>
    <subfield code="t">e1</subfield>
    <subfield code="v">21.37</subfield>
    <subfield code="w">2016-08-12</subfield>
    <subfield code="x">FIA</subfield>
    <subfield code="y">BK</subfield>
    <subfield code="z">inventario-2023-12-13</subfield>
    <subfield code="1">0</subfield>
    <subfield code="2">ddc</subfield>
    <subfield code="5">0</subfield>
    <subfield code="7">0</subfield>
    <subfield code="8">GEN</subfield>
    <subfield code="f">P06</subfield>
    <subfield code="a">BUL</subfield>
    <subfield code="b">BUL</subfield>
    <subfield code="c">GEN</subfield>
    <subfield code="d">2016-08-12</subfield>
    <subfield code="e">COMPRA</subfield>
    <subfield code="g">16.37</subfield>
  </datafield>
</record>
